[Event "Barcelona Amateur op-E 7th"]
[Site "Barcelona"]
[Date "2009.02.03"]
[Round "1"]
[White "Tarrago Domingo, Miguel"]
[Black "Revert Millan, Francisco"]
[Result "1-0"]
[WhiteElo "2072"]
[BlackElo "1724"]
[PlyCount "73"]
[EventDate "2009.02.03"]
[EventType "swiss"]
[EventRounds "8"]
[EventCountry "ESP"]
[SourceTitle "EXT 2011"]
[Source "ChessBase"]
[SourceDate "2010.11.26"]
[SourceVersion "1"]
[SourceVersionDate "2010.11.26"]
[SourceQuality "1"]

1. Nf3 f5 2. g3 Nf6 3. Bg2 d5 4. d4 e6 5. Bf4 c6 6. c3 Bd6 7. Be5 0-0 8. Nbd2 Qe7 9. e3 Bd7 10. 0-0 Be8 11. Bxd6 Qxd6 12. Ne5 Nbd7 13. Ndf3 Bh5 14. Nxd7 Nxd7 15. Qd2 e5 16. Nxe5 Nxe5 17. dxe5 Qxe5 18. Qd4 Qc7 19. b4 Bf7 20. a4 Kh8 21. Rfd1 Rfd8 22. Rd2 a6 23. a5 Rd6 24. Rad1 Bh5 25. Rc1 Bf7 26. c4 Rad8 27. cxd5 Bxd5 28. Bxd5 Rxd5 29. Qxd5 Rxd5 30. Rxd5 g6 31. Rd4 Kg7 32. Rcd1 Kh6 33. Rd7 Qc8 34. R1d4 Kg5 35. Rxh7 c5 36. f4+ Kg4 37. Kf2 1-0

[Event "Barcelona La Lira Spring op 1st"]
[Site "Barcelona"]
[Date "2008.05.29"]
[Round "8.25"]
[White "Lambruschini Palomino, Nilo"]
[Black "Revert Millan, Francisco"]
[Result "0-1"]
[WhiteElo "1700"]
[BlackElo "1721"]
[PlyCount "69"]
[EventDate "2008.04.03"]
[EventType "swiss"]
[EventRounds "8"]
[EventCountry "ESP"]
[SourceTitle "EXT 2024"]
[Source "ChessBase"]
[SourceDate "2023.10.10"]
[SourceVersion "1"]
[SourceVersionDate "2023.10.10"]
[SourceQuality "1"]

1. e4 e5 2. Nf3 Nf6 3. Nc3 Nc6 4. d4 Bb4 5. d5 Ne7 6. Bd3 d6 7. 0-0 Bxc3 8. bxc3 Bg4 9. Bg5 Nd7 10. Rb1 b6 11. Bb5 a6 12. Bc6 Rb8 13. Qd3 0-0 14. Qxa6 Bxf3 15. gxf3 f6 16. Bh4 Ng6 17. Bg3 f5 18. exf5 Rxf5 19. Qe2 Ndf8 20. Rb4 Qf6 21. Kg2 Nf4+ 22. Bxf4 Rxf4 23. Rxf4 Qxf4 24. Qe3 Qh4 25. h3 Ng6 26. Rh1 Rf8 27. Kf1 Qh5 28. Bd7 Nh4 29. Bg4 Qe8 30. Rg1 Qb5+ 31. Qd3 Qb1+ 32. Ke2 Qxg1 33. Be6+ Kh8 34. Qb5 Qg6 35. Kd1 0-1